Diseño de un experimento para evaluar el efecto de cuatro factores físicos sobre los resultados en ensayos de proliferación de linfocitos

Shranjeno v:
Bibliografske podrobnosti
Glavni avtor: Cortés Ledezma, Bernal
Format: Knjiga
Izdano: San José, Costa Rica 2007
Teme:
Oznake: Označite
Brez oznak, prvi označite!

MARC

LEADER 00000nam a2200000Ia 4500
003 001133
005 20221231144059.0
008 140114s2007 cr a 000 ||s d
040 |c cru CEDI  
090 |a TFG 5657 
100 |a Cortés Ledezma, Bernal   |9 4332 
245 |a Diseño de un experimento para evaluar el efecto de cuatro factores físicos sobre los resultados en ensayos de proliferación de linfocitos  
260 |c 2007  |b San José, Costa Rica 
300 |a 66 hojas; ilustraciones 
500 |a Tesis (maestría profesional en ingeniería química con énfasis en ingeniería ambiental)--Universidad de Costa Rica. Escuela de Ingeniería Química. Sistema de Estudios de Posgrado  
650 |x LINFOCITOS  |x  PROLIFERACION CELULAR  |x  CANCER  |x INVESTIGACIONES  |x VACUNAS   |x PATOLOGIA CELULAR   |x ENFERMEDADES INFECCIOSAS  |9 4333 
942 |c TFG 
999 |c 16604  |d 16604